[Event "ch-RUS w 1st League"]
[Site "Samara RUS"]
[Date "2005.03.28"]
[Round "6"]
[White "Grabuzova,T"]
[Black "Korbut,E"]
[Result "1/2-1/2"]
[WhiteElo "2332"]
[BlackElo "2417"]

1.d4 d5 2.c4 dxc4 3.Nf3 a6 4.e3 Nf6 5.Bxc4 e6 6.O-O c5 7.Bb3 Nc6 8.Qe2 cxd4
9.Rd1 d3 10.Qxd3 Qxd3 11.Rxd3 Ne4 12.Rd1 Be7 13.Bc2 Nc5 14.Nc3 b5 15.e4 Nb4
16.Bb1 Bb7 17.Be3 Rc8 18.Ne1 Nc6 19.Nd3 Nxd3 20.Bxd3 Ne5 21.f3 Bf6 22.Bf1 Nc4
23.Bxc4 Rxc4 24.Rd3 b4 25.Na4 Bc6 26.Nb6 Rc2 27.Rc1 Rxc1+ 28.Bxc1 Bb5 29.Rd1 Ke7
30.Be3 Rd8 31.Bc5+ Ke8 32.Rxd8+ Kxd8 33.b3 Be7 34.Bd4 Bd3 35.Nc4 Kc7 36.Kf2 Bb1
37.Ke3 Bxa2 38.Nd2 Kc6 39.Kd3 Bg5 40.Be3 Bxe3 41.Kxe3 Kb5 42.Kd3 a5 43.Kc2 e5
44.Kb2 Bxb3 45.Kxb3 f6 46.Kc2 a4 47.h4 Kc5 48.Kd3 g6 49.g4 Kb5 50.h5 g5 51.Nc4  1/2-1/2

[Event "1st ch-SCG"]
[Site "Kopaonik SCG"]
[Date "2005.04.09"]
[Round "8"]
[White "Arsovic,G"]
[Black "Antic,De"]
[Result "1/2-1/2"]
[WhiteElo "2419"]
[BlackElo "2488"]

1.Nf3 d5 2.d4 c5 3.c4 dxc4 4.e4 Nf6 5.e5 Nd5 6.Bxc4 e6 7.O-O Nc6 8.Re1 a6
9.dxc5 Bxc5 10.a3 b5 11.Bd3 Bb7 12.b4 Be7 13.Be4 Qc7 14.Bxd5 exd5 15.Bb2 d4
16.Qd3 O-O 17.Nbd2 Rad8 18.Nb3 Rd5 19.Rac1 Qd7 20.h3 h6 21.Rcd1 Rd8 22.Re2 Qc7
23.Rc1 Qd7 24.Rd1 Qe6 25.Rde1 Bf8 26.Nbxd4 Qd7 27.Re4 a5 28.Qe2 axb4 29.axb4 Nxb4
30.e6 fxe6 31.Nxe6 Nd3 32.Nxf8 Rxf8 33.Re7 Nxe1 34.Nxe1 Rd2 35.Qe5 Qxe7 36.Qxe7 Rxb2
37.Qxb7 Rbxf2 38.Qxb5 R2f5 39.Qd3 Kh8 40.Kh2 Kg8 41.Qe3 R5f6 42.Nd3 Rf5 43.Ne5 Re8
44.Qb3+ Kh7 45.Nf3 Rf6 46.Qd3+ Kg8 47.h4 Rf4 48.Kg3 Rfe4 49.Qd5+ Kh7 50.Qf7 Kh8
51.h5 R4e7 52.Qd5 Kh7 53.Qc4 Re6 54.Qd3+ Kg8 55.Qf5 Rf6 56.Qd5+ Kh7 57.Nh4 Ref8
58.Kh3 R8f7 59.Qe4+ Kg8 60.Ng6 Rf8 61.g3 Rb8 62.Qe7 Rbf8 63.Kg4 R8f7 64.Qd8+ Rf8
65.Qd5+ Kh7 66.Ne7 R8f7 67.Qd3+ Kh8 68.Ng6+ Kg8 69.Nf4 Rf8 70.Qd5+ Kh7 71.Kf3 Re8
72.Kg4 Ref8 73.Nh3 Kh8 74.Kh4 Rf5 75.Qe4 R5f6 76.g4 Rf3 77.Ng1 Rf2 78.Kg3 Rf1
79.Nh3 R1f6 80.Qd3 Rb6 81.Nf4 Rbf6 82.Ng6+ Kg8 83.Nxf8 Rxf8 84.Qd5+ Kh8 85.Qd6 Rf6
86.Qd8+ Kh7 87.Qe8 Rf1 88.Kg2 Rf6 89.Kh3 Rf3+ 90.Kh2 Rf2+ 91.Kg1 Rf4 92.Qg6+ Kg8
93.Kg2 Rf6 94.Qe4 Kh8 95.Kg3 Kg8 96.Qd4 Rf8 97.g5 hxg5 98.Qd5+ Kh8 99.Kg4 Rf6
100.Kxg5 Rh6 101.Qd8+ Kh7 102.Qf8 Rf6 103.Qe8 Rh6 104.Qe5 Rf6 105.Qe4+ Kh8
106.Qd4 Kh7 107.Qe4+ Kh8 108.Qe8+ Kh7 109.h6 Rxh6  1/2-1/2

[Event "FSIM April"]
[Site "Budapest HUN"]
[Date "2005.04.10"]
[Round "9"]
[White "Cherniack,A"]
[Black "Lengyel,B"]
[Result "1-0"]
[WhiteElo "2238"]
[BlackElo "2302"]

1.d4 d5 2.c4 dxc4 3.Nf3 a6 4.e3 Bg4 5.Bxc4 e6 6.h3 Bh5 7.O-O Nf6 8.Nc3 Nc6
9.Be2 Bd6 10.b3 O-O 11.Bb2 Qe7 12.Ne5 Bxe2 13.Nxc6 Qe8 14.Qxe2 Qxc6 15.Rfd1 Qe8
16.Qf3 Rb8 17.Rac1 Qe7 18.Rc2 Rfd8 19.e4 e5 20.d5 Nd7 21.Ne2 g6 22.Bc1 Rbc8
23.Ng3 Nf8 24.Nf1 h5 25.Ne3 Nh7 26.Nc4 Rf8 27.Bh6 Rfe8 28.Rdc1 Rcd8 29.Nxd6 cxd6
30.Qe3 Qf6 31.Qf3 Rb8 32.Rc7 Qxf3 33.gxf3 Nf6 34.Be3 Kg7 35.Ba7 Ra8 36.Rxb7 Rec8
37.Rxc8 Rxc8 38.Rb6 Rc3 39.Kg2 g5 40.Rxa6 g4 41.hxg4 hxg4 42.Be3 Rc2 43.a4 gxf3+
44.Kxf3 Ne8 45.a5 Kg6 46.Rc6 Ra2 47.a6 f5 48.exf5+ Kxf5 49.a7 e4+ 50.Kg3 Nf6
51.Rc8 Nh5+ 52.Kh2  1-0

[Event "Open"]
[Site "Metz FRA"]
[Date "2005.04.17"]
[Round "2"]
[White "Delmont,J"]
[Black "Shirazi,K"]
[Result "0-1"]
[WhiteElo "2022"]
[BlackElo "2399"]

1.d4 d5 2.c4 dxc4 3.Nf3 c5 4.e3 cxd4 5.Qxd4 Bd7 6.Bxc4 Nc6 7.Qf4 Nf6 8.O-O Rc8
9.Nc3 e6 10.Nb5 Nb4 11.b3 Qb6 12.Nbd4 Bd6 13.Qg5 O-O 14.Qh4 Rc5 15.Ng5 h6
16.Ne4 Nxe4 17.Qxe4 Nc6 18.Bb2 Rxc4 19.bxc4 Qxb2 20.Rab1 Qxa2 21.Rxb7 Nb8
22.Rxd7 Nxd7 23.Qc6 Bxh2+ 24.Kxh2 Ne5 25.Qb5 Nxc4 26.Rc1 Nd6 27.Qd7 Ne4 28.Rc2 Qa6
29.Rc7 Nxf2 30.Rxa7 Qf1 31.Nxe6 Qh1+ 32.Kg3 Ne4+ 33.Kf3 fxe6+ 34.Kxe4 Qh4+  0-1

[Event "Open"]
[Site "Lenk SUI"]
[Date "2005.04.28"]
[Round "7"]
[White "Huss,A"]
[Black "Raetsky,A"]
[Result "0-1"]
[WhiteElo "2308"]
[BlackElo "2440"]

1.d4 d5 2.c4 dxc4 3.Nf3 a6 4.e3 Nf6 5.Bxc4 e6 6.a4 c5 7.O-O Nc6 8.Qe2 cxd4
9.Rd1 Be7 10.exd4 O-O 11.Nc3 Nb4 12.Ne5 Nfd5 13.a5 Bd7 14.Qe4 Be8 15.Bb3 Rc8
16.Nxd5 Nxd5 17.Bd2 Bb5 18.h3 Qd6 19.Rac1 Rfd8 20.Qf3 Bf6 21.Qe4 Rxc1 22.Rxc1 Ne7
23.Bf4 Qxd4 24.Rd1 Qxd1+ 25.Bxd1 Rxd1+ 26.Kh2 Nc6 27.Nxc6 Bxc6 28.Qe2 Rd5
29.b4 h5 30.Bd2 h4 31.Qe1 Rd3 32.Be3 Be5+ 33.f4 Bf6 34.Qe2 Rb3 35.Bf2 Rxb4
36.Qg4 Rb2 37.Kg1 Be4 38.Qh5 Rb1+ 39.Kh2 Rb2 40.Kg1 Rb5 41.Qe2 Bc6 42.Qd2 Rb1+
43.Kh2 Rb2 44.Qe3 Ra2 45.Qb6 e5 46.Qe3 exf4 47.Qxf4 Rxa5 48.Bd4 Ra2 49.Qb8+ Kh7
50.Bxf6 Rxg2+ 51.Kh1 Rg6+ 52.Kh2 Rxf6 53.Kg1 Rf3 54.Kh2 Rf2+ 55.Kg1 Rg2+
56.Kh1 Re2+ 57.Kg1 f6 58.Qf4  0-1

[Event "ch-FRA National 1"]
[Site "Lille FRA"]
[Date "2005.05.06"]
[Round "9"]
[White "Benitah,Y"]
[Black "Kallai,G"]
[Result "1/2-1/2"]
[WhiteElo "2398"]
[BlackElo "2500"]

1.d4 d5 2.c4 dxc4 3.Nf3 c5 4.e3 cxd4 5.exd4 Be6 6.Nc3 Nf6 7.Ne5 Nc6 8.Nxc6 bxc6
9.Qa4 Qd7 10.Bxc4 Bxc4 11.Qxc4 g6 12.O-O Bg7 13.Bf4 Nd5 14.Be5 Bxe5 15.dxe5 Nxc3
16.Qxc3 O-O 17.Rac1 Rfd8 18.Qxc6 Qxc6 19.Rxc6 Rd2 20.Ra6 Rxb2 21.h3 Re2 22.Ra5 Rc8
23.Rxa7 Rxe5 24.g3 Rc2 25.a4 Ra2 26.a5 g5 27.a6 Re6 28.Ra8+ Kg7 29.a7 Rea6
30.Re1 Rxa7 31.Rxa7 Rxa7 32.Re5 f6 33.Re4 h5 34.Kg2 Kg6 35.g4 e5 36.Rb4 Ra6
37.Rb8 h4 38.Rb7 Ra8 39.Rc7 Rf8 40.Re7 Rf7 41.Re6 Rd7 42.Rb6 Kf7 43.Ra6 Ke7
44.Rb6 Rd6 45.Rb8 Ke6 46.Rb5 e4 47.Ra5 Rb6 48.Ra4 Kd5 49.Ra5+ Kd4 50.Ra4+ Kd3
51.Ra3+ Kc2 52.Re3 Rb4 53.Ra3 Kd2 54.Ra6 e3 55.fxe3 Kxe3 56.Re6+ Kd4 57.Rxf6 Rb2+
58.Kg1 Ke3 59.Rf5 Rb3 60.Kg2 Rb2+ 61.Kg1 Ra2 62.Rf6 Ra1+  1/2-1/2

[Event "ch-FRA Top 16 Poule Haute"]
[Site "Port Barcares FRA"]
[Date "2005.05.06"]
[Round "10"]
[White "Collas,D"]
[Black "Beikert,G"]
[Result "0-1"]
[WhiteElo "2417"]
[BlackElo "2430"]

1.Nf3 d5 2.d4 c5 3.c4 dxc4 4.d5 e6 5.Nc3 exd5 6.Qxd5 Be7 7.Ne5 Qxd5 8.Nxd5 Bd8
9.Nxc4 Nf6 10.Nd6+ Kd7 11.Nxf6+ Kxd6 12.Ne4+ Kc6 13.Bd2 Be6 14.Nc3 Be7 15.g3 Rd8
16.Bg2+ Kb6 17.Na4+ Ka6 18.Be3 Nd7 19.O-O Rac8 20.Rfd1 b5 21.Nc3 Nb6 22.Rxd8 Rxd8
23.Ne4 Rc8 24.Bf4 Nd5 25.Bd6 Bxd6 26.Nxd6 Rd8 27.Ne4 Kb6 28.Rd1 Rd7 29.Ng5 Nf6
30.Rxd7 Bxd7 31.a3 Be8 32.Ne4 Nxe4 33.Bxe4 b4 34.axb4 c4 35.Kf1 Kb5 36.Ke1 Kxb4
37.Kd2 Kb3 38.Kc1 h6 39.Bc2+ Kb4 40.Kd2 a5 41.f4 a4 42.Be4 Kb3 43.Kc1 c3
44.Bd5+ Kb4 45.e4 cxb2+ 46.Kxb2 Kc5 47.Kc3 f5 48.Ba2 fxe4 49.g4 Bc6 50.h4 Bd5
51.Bb1 a3 52.Bc2 a2 53.Kb2 e3 54.Bd1 Kd4  0-1

[Event "ch-UKR sf"]
[Site "Alushta UKR"]
[Date "2005.05.19"]
[Round "4"]
[White "Lichman,P"]
[Black "Fingerov,D"]
[Result "1/2-1/2"]
[WhiteElo "2256"]
[BlackElo "2361"]

1.d4 d5 2.c4 dxc4 3.Nf3 c5 4.e3 cxd4 5.Qxd4 Qxd4 6.Nxd4 Bd7 7.Bxc4 Nc6 8.Nxc6 Bxc6
9.O-O Nf6 10.Nc3 a6 11.a3 e6 12.Ne2 Bd6 13.Nd4 Bd7 14.Rd1 Ke7 15.b3 e5 16.Nf3 b5
17.Be2 Be6 18.b4 Bb3 19.Re1 Rac8 20.Bb2 Nd7 21.Rac1 f6 22.Nd2 Bd5 23.Bg4 g6
24.Bxd7 Kxd7 25.e4 Be6 26.f4 Rxc1  1/2-1/2

[Event "30th Elekes Mem GM"]
[Site "Budapest HUN"]
[Date "2005.05.21"]
[Round "1"]
[White "Paschall,W"]
[Black "Danner,G"]
[Result "1/2-1/2"]
[WhiteElo "2400"]
[BlackElo "2435"]

1.Nf3 d5 2.d4 c5 3.c4 dxc4 4.e3 cxd4 5.Bxc4 Qc7 6.Qb3 e6 7.exd4 Nc6 8.Nc3 Nf6
9.O-O Bd7 10.Be2 Be7 11.Be3 O-O 12.Rac1 Rac8 13.Na4 Ng4 14.Nc5 Nxe3 15.fxe3 Bxc5
16.Rxc5 Qd6 17.Rd1 b6 18.Rcc1 Na5 19.Qd3 Rxc1 20.Rxc1 Rc8 21.Rc3 f6 22.a3 Rxc3
23.Qxc3 Qc6 24.Qxc6 Bxc6 25.Nd2 Kf7 26.Kf2 Ke7 27.g3 g5 28.h4 h6 29.hxg5 hxg5
30.e4 Nb7 31.Bd3 Nd6 32.Ke3 Bb7 33.Bc2 f5 34.e5 Nb5 35.Nc4 Bd5 36.Bd3 Bc6
37.Bc2 Kd7 38.Bd3 Nc7 39.Nd6 b5 40.Bc2 Nd5+ 41.Kf2 a6 42.Bb3 Nb6 43.Ke3 Bd5
44.Bd1 Kc6 45.Kd2 g4 46.Ke3 Bc4 47.b3 Bd5 48.Kd2 Bg2 49.Nf7 Nd5 50.Nd8+ Kd7
51.Nb7 Ke7 52.Nc5 Nc7 53.b4 Bd5 54.Nd3 Bc4 55.Nf4 Na8 56.a4 Nc7 57.a5 Kd7
58.Ke3 Kc6 59.Be2 Nd5+ 60.Nxd5 Kxd5 61.Bd1 Ba2 62.Be2 Bc4 63.Bd1 Ba2  1/2-1/2

[Event "TCh-ROM A"]
[Site "Tusnad ROM"]
[Date "2005.05.21"]
[Round "1"]
[White "Cosma,E"]
[Black "Vajda,S"]
[Result "1/2-1/2"]
[WhiteElo "2362"]
[BlackElo "2391"]

1.d4 d5 2.c4 dxc4 3.Nf3 a6 4.e3 e6 5.Bxc4 Nf6 6.O-O c5 7.a4 Nc6 8.Qe2 Qc7
9.Nc3 Bd6 10.Bd2 O-O 11.Rac1 b6 12.Bd3 Bb7 13.Ne4 Nxe4 14.Bxe4 Qe7 15.dxc5 Bxc5
16.Bc3 Rfd8 17.Nd2 Nb4 18.Bxb7 Qxb7 19.Qg4 f5 20.Qc4 Nd5 21.Nf3 Rac8 22.Qb3 Qe7
23.Bd4 Bxd4 24.Nxd4 Qd7 25.h3 g6 26.Rfd1 Rxc1 27.Rxc1 Rc8 28.Rc4 Rxc4 29.Qxc4 a5
30.b3 h6 31.h4 Kf7 32.Nb5 Nf6 33.Nd4 Nd5 34.Nb5 Nf6 35.Nd4 Nd5 36.Nb5  1/2-1/2

[Event "69th ch-BUL"]
[Site "Pleven BUL"]
[Date "2005.05.28"]
[Round "6"]
[White "Chatalbashev,B"]
[Black "Kozhuharov,S"]
[Result "0-1"]
[WhiteElo "2499"]
[BlackElo "2375"]

1.d4 d5 2.c4 dxc4 3.Nf3 a6 4.e3 e6 5.Bxc4 Nf6 6.O-O c5 7.Qe2 b5 8.Bb3 Bb7
9.a4 Nbd7 10.axb5 axb5 11.Rxa8 Qxa8 12.Nc3 b4 13.Nb5 Qb8 14.e4 cxd4 15.Nfxd4 Bc5
16.Re1 Nxe4 17.Qc2 Qe5 18.Be3 O-O 19.f3 Nef6 20.Bf2 Qg5 21.Bc4 Nd5 22.h4 Qf6
23.Bd3 h6 24.Be4 Rc8 25.Qd2 Qd8 26.Nb3 Bxf2+ 27.Qxf2 N7f6 28.Rd1 Qd7 29.Bd3 Qe7
30.Ra1 Nf4 31.Bf1 Bd5 32.N3d4 Qc5 33.Re1 Rb8 34.Qe3 Ng6 35.Rc1 Qb6 36.Qf2 e5
37.Nf5 Qxf2+ 38.Kxf2 Be6 39.Nfd6 Nxh4 40.Bd3 Ne8 41.Nxe8 Rxe8 42.Nc7 Rd8
43.Nxe6 fxe6 44.Bc4 Rd2+ 45.Ke3 Rxb2 46.Bxe6+ Kf8 47.g3 Ke7 48.Bg4 Ng2+ 49.Ke4 Re2+
50.Kd3 Re3+ 51.Kd2 e4 52.Rc7+ Kf6 53.Rc6+ Ke5 54.f4+ Kd4 55.Be6 Rc3 56.Rd6+ Kc5
57.Rd5+ Kc6 58.Rd4 e3+ 59.Kd1 b3 60.Bf5 Kc5 61.Rd7 Rc4 62.Ke2 Rd4 63.Rc7+ Kb6
64.Rc3 Rd2+ 65.Kf3 Rf2+ 66.Kg4 e2 67.Rxb3+ Kc5 68.Rc3+ Kd4  0-1

[Event "TCh-ROM A"]
[Site "Tusnad ROM"]
[Date "2005.05.28"]
[Round "8"]
[White "Petre,NT"]
[Black "Sarkozi,F"]
[Result "1-0"]
[WhiteElo "2383"]
[BlackElo "1980"]

1.d4 d5 2.c4 dxc4 3.Nf3 c5 4.e3 cxd4 5.exd4 Nf6 6.Bxc4 e6 7.O-O Be7 8.Qe2 O-O
9.Nc3 Nbd7 10.Rd1 Nb6 11.Bb3 Nbd5 12.Ne5 b6 13.Nxd5 Nxd5 14.Nc6 Qc7 15.Bxd5  1-0

[Event "National Open"]
[Site "Las Vegas USA"]
[Date "2005.06.12"]
[Round "5"]
[White "Zilberstein,Dm"]
[Black "Iwamoto,T"]
[Result "1-0"]
[WhiteElo "2379"]
[BlackElo "2279"]

1.d4 d5 2.c4 dxc4 3.Nf3 a6 4.a4 Nc6 5.e3 Na5 6.Nbd2 Be6 7.Ng5 Bd5 8.e4 e5
9.Ngf3 Be6 10.d5 Bg4 11.Bxc4 Nxc4 12.Nxc4 Bb4+ 13.Bd2 Bxd2+ 14.Ncxd2 Qe7
15.Qb3 O-O-O 16.O-O Bxf3 17.Qxf3 Nf6 18.Rfc1 Kb8 19.Nc4 Nd7 20.Qb3 Ka8 21.Na5 Nb6
22.Qc3 Kb8 23.b4 f5 24.f3 fxe4 25.fxe4 Rd7 26.b5 axb5 27.axb5 Rf8 28.Nc6+ bxc6
29.bxc6  1-0

[Event "34th TCh-GRE"]
[Site "Ermioni Argolidas GRE"]
[Date "2005.07.08"]
[Round "6"]
[White "Halkias,S"]
[Black "Mastrovasilis,A"]
[Result "1/2-1/2"]
[WhiteElo "2548"]
[BlackElo "2495"]

1.d4 d5 2.c4 dxc4 3.Nf3 a6 4.e4 b5 5.a4 Bb7 6.axb5 axb5 7.Rxa8 Bxa8 8.Nc3 e6
9.Nxb5 Bxe4 10.Nc3 Bb7 11.Bxc4 Nf6 12.Ne5 Bd6 13.Qb3 Qc8 14.O-O O-O 15.Re1 Re8
16.Bb5 c6 17.Bd3 Nbd7 18.Nxd7 Qxd7 19.h3 c5 20.Bb5 Bc6 21.Bxc6 Qxc6 22.dxc5 Qxc5
23.Qd1 Rd8 24.Qe2 Be7 25.Rd1 Rb8 26.Bf4 Rc8 27.g3 h6 28.Qf3 Qc6 29.Kg2 Qc4
30.Bd6 Bxd6 31.Rxd6 Rb8 32.Rd2 Qb4 33.Qc6 Kh7 34.Qf3 Kg8 35.Qc6 Kh7 36.Qf3 Rc8
37.Qd3+ Kg8 38.Qf3 Qc4 39.Qb7 Qc5 40.Ne4 Nxe4  1/2-1/2

[Event "Open A"]
[Site "Pardubice CZE"]
[Date "2005.07.22"]
[Round "1"]
[White "Borovikov,V"]
[Black "Thorfinnsson,Bj"]
[Result "1-0"]
[WhiteElo "2595"]
[BlackElo "2328"]

1.d4 d5 2.c4 dxc4 3.Nf3 a6 4.e3 b5 5.a4 Bb7 6.b3 e6 7.bxc4 b4 8.c5 a5 9.Bb5+ c6
10.Bc4 Nf6 11.Nbd2 Nbd7 12.O-O Be7 13.e4 O-O 14.e5 Nd5 15.Ne4 f6 16.exf6 Bxf6
17.Re1 Bc8 18.Qc2 Re8 19.Nd6 Re7 20.Bg5 Ba6 21.Bxd5 cxd5 22.Re3 Nf8 23.Rae1 Qc7
24.Bxf6 gxf6 25.Nh4 Rg7 26.g3 Rd8 27.Qd1 Rxd6 28.cxd6 Qxd6 29.Qf3 Rf7 30.Ng2 Bc8
31.Nf4 Bd7 32.Qd1 Re7 33.Nh5 e5 34.dxe5  1-0

[Event "Summer"]
[Site "Borovo CRO"]
[Date "2005.08.10"]
[Round "8"]
[White "Szuhanek,R"]
[Black "Stojanovic,Mih"]
[Result "1/2-1/2"]
[WhiteElo "2444"]
[BlackElo "2519"]

1.Nf3 d5 2.d4 c5 3.c4 dxc4 4.e3 cxd4 5.Qxd4 Qxd4 6.Nxd4 Bd7 7.Na3 Nc6 8.Nxc6 Bxc6
9.Nxc4 O-O-O 10.Bd2 f6 11.f3 e5 12.O-O-O b6 13.Be2 Ne7 14.e4 Ng6 15.g3 Bc5
16.Ne3 Ne7 17.Nc2 Kb7 18.Be3 Rxd1+ 19.Rxd1 Bxe3+ 20.Nxe3 h5 21.Bc4 h4 22.Be6 hxg3
23.hxg3 Kc7 24.Rd2 Rh1+ 25.Rd1 Rxd1+ 26.Kxd1 Kd6 27.Bf7 Bd7 28.Kd2 Nc6 29.Nc2 a5
30.Bd5 Nb4 31.Nxb4 axb4 32.Kd3 Kc5 33.Bf7 Bh3 34.Bg8 Bc8 35.Bf7  1/2-1/2

[Event "Petrovskaya Ladya IM"]
[Site "Peterhof RUS"]
[Date "2005.08.10"]
[Round "12"]
[White "Utkin,Alek"]
[Black "Lintchevski,D"]
[Result "1-0"]
[WhiteElo "2382"]
[BlackElo "2332"]

1.d4 d5 2.Nf3 a6 3.c4 dxc4 4.e4 b5 5.a4 Bb7 6.Nc3 b4 7.Bxc4 e6 8.Qb3 Nc6
9.a5 Nxd4 10.Nxd4 Qxd4 11.Be3 Qd7 12.O-O Nf6 13.f3 Be7 14.Rfd1 Qc8 15.Na4 O-O
16.Bc5 Bxc5+ 17.Nxc5 Bc6 18.Nxe6 Qb7 19.Nxf8 Rxf8 20.Rd2 Nd7 21.Rad1 Ne5
22.Kh1 g6 23.Rd8 Rxd8 24.Rxd8+ Kg7 25.Qe3 Nxc4 26.Qd4+ Kh6 27.Qxc4 Qb5 28.Qc1+ Kg7
29.h3 Bd7 30.f4 Bc6 31.Qe3 f5 32.Rc8 Qb7 33.Qd4+ Kh6 34.Qd8 Bxe4 35.Rxc7 Bxg2+
36.Kh2  1-0

[Event "Stork YM"]
[Site "Hengelo NED"]
[Date "2005.08.12"]
[Round "8"]
[White "Bensdorp,M"]
[Black "Michielsen,J"]
[Result "0-1"]
[WhiteElo "2225"]
[BlackElo "2320"]

1.d4 d5 2.c4 dxc4 3.Nf3 a6 4.a4 Nf6 5.e3 e6 6.Bxc4 c5 7.O-O Nc6 8.Nc3 cxd4
9.exd4 Be7 10.Bg5 O-O 11.Qd2 Nb4 12.Rad1 b6 13.Rfe1 Bb7 14.Qe2 Nfd5 15.Bxe7 Qxe7
16.Qe5 Nxc3 17.bxc3 Bxf3 18.gxf3 Nc6 19.Qe4 Qc7 20.Bd3 g6 21.Kh1 Rfd8 22.Rg1 Na5
23.Rc1 Nc4 24.Rg5 Rac8 25.h4 Qe7 26.Rcg1 Qf6 27.Qe2 Nd6 28.h5 Nf5 29.hxg6 hxg6
30.Bxf5 exf5 31.Qd3 Kg7 32.R5g3 Rd5 33.Qxa6 Rxc3 34.Rxg6+ fxg6 35.Qb7+ Qf7  0-1

[Event "14th Open"]
[Site "Kavala GRE"]
[Date "2005.08.18"]
[Round "8"]
[White "Grigorov,G"]
[Black "Mastrovasilis,A"]
[Result "0-1"]
[WhiteElo "2400"]
[BlackElo "2495"]

1.d4 d5 2.Nf3 c5 3.c4 dxc4 4.e3 cxd4 5.Bxc4 Qc7 6.Bb5+ Bd7 7.Bxd7+ Nxd7 8.exd4 Ngf6
9.O-O e6 10.Nc3 Nb6 11.Qb3 Be7 12.Nb5 Qd8 13.Bf4 Nbd5 14.Be5 O-O 15.Rac1 Qb6
16.Nd2 Bb4 17.Nc3 Rac8 18.Nc4 Qa6 19.Nxd5 Nxd5 20.a3 Be7 21.Ne3 Nxe3 22.fxe3 Rc6
23.Rcd1 Qb6 24.Qxb6 Rxb6 25.Rf2 Rc8 26.e4 Bd6 27.Bxd6 Rxd6 28.Rfd2 Kf8 29.Kf2 Ke7
30.Ke3 Rdc6 31.Rd3 Rc2 32.R1d2 R8c7 33.Rb3 b6 34.Rbd3 Kd6 35.g4 Rc1 36.Rd1 R1c2
37.R1d2 Rc1 38.Rd1 Rxd1 39.Rxd1 Rc2 40.Rd2 Rc1 41.Rf2 f6 42.Rg2 h6 43.Kd3 Rf1
44.Ke3 Rc1 45.Kf3 b5 46.Ke3 a6 47.Kf3 Rc4 48.Ke3 Rc1 49.Kd2 Rf1 50.Ke3 Re1+
51.Kf3 Rc1 52.Ke3 b4 53.axb4 Rc4 54.Kd3 Rxb4 55.Kc3 a5 56.Re2 Rb7 57.b3 Rc7+
58.Kd3 Rb7 59.Kc3 Rb5 60.h4 Kc6 61.Kc4 Rb4+ 62.Kc3 Rb5 63.Kc4 Rb4+ 64.Kc3 e5
65.d5+ Kd6 66.Re1 Rd4 67.Re2 Rb4 68.Re1 Kc5 69.Re2 a4 70.bxa4 Rxa4 71.Kb3 Rb4+
72.Kc3 Ra4 73.Kb3 Rb4+ 74.Kc3 Rd4 75.Re1 Kd6 76.Kc2 g6 77.h5 gxh5 78.gxh5 Ke7
79.Kc3 f5 80.exf5 Rxd5 81.Rg1 Kf6 82.Rg6+ Kxf5 83.Rxh6 e4 84.Rh8 Kf4 85.h6 Ke3
86.h7 Rc5+ 87.Kb4 Rc7 88.Kb5 Rf7 89.Kc5 Kf3 90.Kd6 e3 91.Ke6 Rf4 92.Ra8 e2
93.h8=Q e1=Q+ 94.Qe5 Re4 95.Ra3+ Kf2 96.Ra2+ Kf1  0-1

[Event "41st Rubinstein Mem Open A"]
[Site "Polanica Zdroj POL"]
[Date "2005.08.22"]
[Round "4"]
[White "Szymanski,A2"]
[Black "Kubit,T"]
[Result "1/2-1/2"]
[WhiteElo "2257"]
[BlackElo "2130"]

1.d4 d5 2.c4 dxc4 3.Nf3 a6 4.e3 b5 5.a4 Bb7 6.b3 e6 7.axb5 axb5 8.Rxa8 Bxa8
9.bxc4 bxc4 10.Bxc4 Nf6 11.O-O Be7 12.Ne5 O-O 13.Qb3 Bd5 14.Nc3 Bxc4 15.Qxc4 Nfd7
16.Nd3 Nb6 17.Qb3 N8d7 18.Ba3 Bxa3 19.Qxa3 Qa8 20.Qb2 Rb8 21.Ra1 Qc6 22.Ne2 Qd6
23.Rc1 Rc8 24.Nc3 Nd5 25.Nxd5 Qxd5 26.h3 h6 27.Nc5 Rb8 28.Qa1 Ra8 29.Qb1 Rb8
30.Qa1 Ra8 31.Qb1 Rb8 32.Qd3 Nxc5 33.Rxc5 Qd6 34.Qc2 Rb7 35.g3 g6 36.Kh2 Ra7
37.Kg2 Rb7 38.Kh2 Ra7 39.Qc4 Qb6 40.Rb5 Qd6 41.h4 h5 42.Qc2 Qa6 43.Rc5 Qd6
44.Kg2 Rb7 45.Qe4 Rb2 46.Qa8+ Kg7 47.Qc8 Qe7 48.Qxc7 Qf6 49.Qf4 Qxf4 50.gxf4 Kf6
51.Rc7 Rd2 52.Rd7 Rd1 53.Kh2 Rf1 54.Kg3 Rg1+ 55.Kh2 Rf1 56.Kg2 Rd1 57.Ra7 Rd2
58.Kf3 Rd1 59.Rb7 Rh1 60.Kg2 Rd1 61.Rd7 Rd2 62.Rc7 Rd1 63.Rc2 Kg7 64.Ra2 Kf6
65.Ra6 Kg7 66.Kf3  1/2-1/2

[Event "Autumn 1"]
[Site "Alushta UKR"]
[Date "2005.09.08"]
[Round "8"]
[White "Truskavetsky,A"]
[Black "Ponfilenok,V"]
[Result "1/2-1/2"]
[WhiteElo "2399"]
[BlackElo "2271"]

1.d4 d5 2.c4 dxc4 3.Nf3 a6 4.e3 Bg4 5.Bxc4 e6 6.h3 Bh5 7.O-O Nc6 8.Nc3 Nf6
9.d5 Bxf3 10.gxf3 exd5 11.Nxd5 Bd6 12.f4 Nxd5 13.Bxd5 Qd7 14.Qf3 O-O 15.a3 Nd8
16.b4 c6 17.Be4 f5 18.Bc2 Be7 19.Rd1 Qe8 20.e4 Qg6+ 21.Kh1 fxe4 22.Bxe4 Qf6
23.Be3 Ne6 24.Qh5 g6 25.Qg4 Nxf4 26.Rg1 Qe6 27.Qxe6+ Nxe6 28.Bc2 Kg7 29.Rad1 Rad8
30.Bb3 Nf4 31.Rxd8 Bxd8 32.Rd1 Nd5 33.Bxd5 cxd5 34.Rxd5 Bf6 35.Kg2 Rd8 36.Rc5 Rd7
37.Kf3 Kf7 38.Rc8 Ke6 39.Ke4 Rd8 40.Rc5 Rd1 41.f4 Rd6 42.f5+ gxf5+ 43.Rxf5 Rc6
44.Rc5 Rxc5  1/2-1/2

[Event "ch-NED w"]
[Site "Leeuwarden NED"]
[Date "2005.09.09"]
[Round "5"]
[White "Schuurman,P"]
[Black "Muhren,B"]
[Result "1-0"]
[WhiteElo "2266"]
[BlackElo "2269"]

1.Nf3 d5 2.d4 c5 3.c4 dxc4 4.e3 Nf6 5.Bxc4 e6 6.O-O a6 7.dxc5 Qxd1 8.Rxd1 Bxc5
9.Be2 O-O 10.Ne5 Nbd7 11.Nc4 b6 12.Nbd2 Bb7 13.Nb3 Be7 14.f3 Rad8 15.e4 Nc5
16.Nd4 Na4 17.Be3 Ba8 18.Rd2 Bb4 19.Rc2 Nxe4 20.fxe4 Bxe4 21.Rcc1 b5 22.Ne5 Bc5
23.Rxc5 Nxc5 24.Ndc6 Na4 25.Nxd8 Rxd8 26.b3 Nc3 27.Bf3 Bb1 28.Nc6 Rd6 29.Bc5 Ne2+
30.Kf2  1-0

[Event "ch-Arab"]
[Site "Dubai UAE"]
[Date "2005.09.14"]
[Round "3"]
[White "Mohammad,Sa"]
[Black "Hussein,NA"]
[Result "0-1"]
[WhiteElo "2312"]
[BlackElo "2339"]

1.d4 d5 2.c4 dxc4 3.Nf3 c5 4.e3 cxd4 5.exd4 Be6 6.Nc3 Nf6 7.Ne5 Nc6 8.Nxc6 bxc6
9.Qa4 Qd7 10.Bxc4 Bxc4 11.Qxc4 e6 12.O-O Be7 13.Be3 O-O 14.Rac1 Rfc8 15.Rc2 Nd5
16.Ne4 Nb4 17.Rd2 Qd5 18.Qxd5 cxd5 19.Nc3 Rc7 20.Rfd1 Rac8 21.Kf1 g5 22.g4 Kg7
23.f4 gxf4 24.Bxf4 Rb7 25.Ke2 Nc6 26.Na4 f6 27.Bg3 Kf7 28.b3 Rb4 29.Rd3 h5
30.gxh5 Rh8 31.Be1 Rbb8 32.Rc3 Rbc8 33.Bf2 Nb4 34.Rdc1 Rxc3 35.Nxc3 Rxh5
36.a3 Nc6 37.b4 Rxh2 38.Nb5 a6 39.Rxc6 axb5 40.Rb6 f5 41.Rb7 e5 42.dxe5 Ke6
43.Kf1 Rh3 44.Bd4 f4 45.Rxb5 Rxa3 46.Rb8 Kf5 47.Re8 Bxb4 48.e6 Rd3 49.Bb6 Rd1+
50.Kf2 Ke4 51.e7 Rd2+ 52.Kg1 Kf3 53.Bc7 Rg2+ 54.Kh1 Rg7 55.Bxf4 Bxe7 56.Bh2 Rh7
57.Rc8  0-1

[Event "4th Kesarovski - Georgiev Memorial"]
[Site "Sunny Beach BUL"]
[Date "2005.09.24"]
[Round "9"]
[White "Grigorov,G"]
[Black "Todorov,O"]
[Result "1-0"]
[WhiteElo "2400"]
[BlackElo "2335"]

1.d4 d5 2.Nf3 c5 3.c4 dxc4 4.e3 cxd4 5.Bxc4 Qc7 6.Qb3 e6 7.exd4 Nf6 8.Nc3 Nc6
9.O-O a6 10.Bd3 Be7 11.Bg5 O-O 12.h3 Rd8 13.Rac1 Qa5 14.Be3 Nb4 15.Bb1 Bd7
16.Ne5 Be8 17.Nc4 Qh5 18.Nb6 Rab8 19.Bf4 Bc6 20.Bxb8 Rxb8 21.d5 Nbxd5 22.Ncxd5 Nxd5
23.Nxd5 Bxd5 24.Qg3 Rf8 25.Rfe1 f5 26.Rc7 Bf6 27.Bd3 b5 28.Bc2 Bxb2 29.Bb3 Bf6
30.Bxd5 exd5 31.Qb3 h6 32.Qxd5+ Kh7 33.Qd6 Rf7 34.Rxf7 Qxf7 35.Qxa6 b4 36.Qe6 Qg6
37.Rc1  1-0

[Event "FSIMA October"]
[Site "Budapest HUN"]
[Date "2005.10.06"]
[Round "6"]
[White "Varga,Cs2"]
[Black "Vass,V"]
[Result "1/2-1/2"]
[WhiteElo "2279"]
[BlackElo "2193"]

1.d4 d5 2.c4 dxc4 3.Nf3 a6 4.e3 Bg4 5.Bxc4 e6 6.O-O Nf6 7.Nbd2 Nc6 8.h3 Bh5
9.a3 Bd6 10.b4 O-O 11.Bb2 Qe7 12.Qb3 Rad8 13.Rfe1 h6 14.Be2 Bg6 15.Rac1 Nb8
16.Nc4 Nbd7 17.Nfd2 Ne4 18.Nxe4 Bxe4 19.Nd2 Bd5 20.Qc2 f5 21.Bc4 Qg5 22.e4 Bxc4
23.Nxc4 Bf4 24.Rcd1 Nf6 25.exf5 exf5 26.Ne5 Ne4 27.Bc1 Bxc1 28.Rxc1 c6  1/2-1/2

[Event "Belgrade Premier League"]
[Site "Belgrade SCG"]
[Date "2005.10.08"]
[Round "8"]
[White "Pjevovic,B"]
[Black "Bakic,R"]
[Result "1-0"]
[WhiteElo "2265"]
[BlackElo "2403"]

1.d4 d5 2.c4 dxc4 3.Nf3 a6 4.e3 b5 5.a4 Bb7 6.b3 e6 7.bxc4 bxc4 8.Bxc4 Nf6
9.Nbd2 c5 10.Rb1 Qc7 11.Bb2 Nbd7 12.O-O Be7 13.Qc2 O-O 14.Rfc1 Rfc8 15.Ba3 Bf8
16.Qd3 Bxf3 17.Nxf3 Qa5 18.d5 e5 19.e4 Rcb8 20.Bb2 Bd6 21.Bc3 Qc7 22.a5 Qc8
23.Rxb8 Qxb8 24.Nh4 g6 25.Rb1 Qc8 26.Nf3 Ne8 27.Ng5 Be7 28.Nxf7 Kxf7 29.d6+ Kf8
30.Qd5  1-0

[Event "TCh-NED 2005-6"]
[Site "Netherlands NED"]
[Date "2005.10.15"]
[Round "2"]
[White "Pedersen,Nic"]
[Black "Muhren,B"]
[Result "1-0"]
[WhiteElo "2496"]
[BlackElo "2260"]

1.d4 d5 2.c4 dxc4 3.Nf3 c5 4.e3 Nf6 5.Bxc4 e6 6.O-O a6 7.Bb3 Nbd7 8.Qe2 b5
9.e4 Bb7 10.d5 Qb6 11.dxe6 fxe6 12.Bc2 c4 13.e5 Ng4 14.h3 Nh6 15.Nc3 O-O-O
16.a4 Nc5 17.axb5 axb5 18.Be3 Nf5 19.Be4 Nxe3 20.Qxe3 Be7 21.Bxb7+ Qxb7 22.Nd4 b4
23.Ncb5 Rd7 24.Rfc1 c3 25.bxc3 b3 26.Rcb1 Rf8 27.Qe2 Ne4 28.Na7+ Kd8 29.Ndc6+ Ke8
30.Qxe4 b2 31.Ra2  1-0

[Event "TCh-HUN 2005-6"]
[Site "Hungary HUN"]
[Date "2005.10.16"]
[Round "1"]
[White "Gyimesi,Z"]
[Black "Seres,L"]
[Result "1/2-1/2"]
[WhiteElo "2624"]
[BlackElo "2396"]

1.d4 d5 2.c4 dxc4 3.Nf3 c5 4.e4 cxd4 5.Qxd4 Qxd4 6.Nxd4 Bd7 7.Bxc4 Nc6 8.Nxc6 Bxc6
9.f3 e6 10.Be3 Nf6 11.Nd2 Nd7 12.Nb3 Bb4+ 13.Kf2 Ke7 14.a3 Bd6 15.Na5 Rhc8
16.Rac1 Be5 17.b4 Ba4 18.Be2 b6 19.Nc4 Bf6 20.g4 g6 21.g5 Bg7 22.Bf4 b5 23.Bd6+ Ke8
24.Na5 Bb2  1/2-1/2

[Event "5th Rohde Open"]
[Site "Sautron FRA"]
[Date "2005.10.24"]
[Round "3"]
[White "Chatalbashev,B"]
[Black "Gerard,N"]
[Result "1-0"]
[WhiteElo "2491"]
[BlackElo "2286"]

1.d4 d5 2.c4 dxc4 3.Nf3 a6 4.e3 Nf6 5.Bxc4 e6 6.Qe2 c5 7.dxc5 Bxc5 8.O-O b5
9.Bd3 Nc6 10.Nc3 O-O 11.Ne4 Be7 12.Nxf6+ Bxf6 13.Qc2 Nb4 14.Bxh7+ Kh8 15.Qb3 Kxh7
16.Qxb4 Rh8 17.Qe4+ g6 18.Qxa8 Qd3  1-0